Catálogo
 En Linea

Prehistoric cave art in Northern Spain, Asturias / (Registro nro. 6448)

Detalles MARC
000 -CABECERA
campo de control de longitud fija 01178cam a2200289 a 4500
001 - NÚMERO DE CONTROL
campo de control 000006658
005 - FECHA Y HORA DE LA ÚLTIMA TRANSACCIÓN
campo de control 20200929153952.0
008 - DATOS DE LONGITUD FIJA--INFORMACIÓN GENERAL
campo de control de longitud fija 970910s1994 mx a b 001 0 eng d
020 ## - NÚMERO INTERNACIONAL ESTÁNDAR DEL LIBRO
Número Internacional Estándar del Libro 8459933792
040 ## - FUENTE DE LA CATALOGACIÓN
Centro catalogador/agencia de origen DO-SdBNP
Centro/agencia transcriptor OClMA
Centro/agencia modificador PU
-- IaU
-- DLC
041 1# - CÓDIGO DE LENGUA
Código de lengua del texto/banda sonora o título independiente engspa
Código de lengua original spa
050 00 - SIGNATURA TOPOGRÁFICA DE LA BIBLIOTECA DEL CONGRESO
Número de clasificación N5310.5.S7
Número de documento/Ítem B48 1994
082 ## - NÚMERO DE LA CLASIFICACIÓN DECIMAL DEWEY
Número de clasificación nn*
Número de documento/Ítem B488p
100 1# - ENTRADA PRINCIPAL--NOMBRE DE PERSONA
Nombre de persona Berenguer, Magin.
9 (RLIN) 18511
245 10 - MENCIÓN DE TÍTULO
Título Prehistoric cave art in Northern Spain, Asturias /
Mención de responsabilidad, etc. Magin Berenguer ; traducción en inglés, Henry Hinds ; introducción, Fredo Arias de la Canal.
260 ## - PUBLICACIÓN, DISTRIBUCIÓN, ETC.
Lugar de publicación, distribución, etc. México :
Nombre del editor, distribuidor, etc. Frente de Afirmación Hispánista,
Fecha de publicación, distribución, etc. [1994?].
300 ## - DESCRIPCIÓN FÍSICA
Extensión 286 p. :
Otras características físicas il. ;
Dimensiones 30 cm.
Material acompañante/anejo 23 transparencias.
546 ## - NOTA DE LENGUA/LENGUAJE
Nota de lengua/lenguaje Text in English and Spanish.
500 ## - NOTA GENERAL
Nota general Transparencias contempladas en el bolsillo.
504 ## - NOTA DE BIBLIOGRAFÍA, ETC.
Nota de bibliografía, etc. Incluye referencias bibliográficas p. 177-180 e índice.
650 #0 - PUNTO DE ACCESO ADICIONAL DE MATERIA--TÉRMINO DE MATERIA
Término de materia o nombre geográfico como elemento de entrada Art, prehistoric
Subdivisión geográfica Spain
-- Asturias.
9 (RLIN) 18512
650 #0 - PUNTO DE ACCESO ADICIONAL DE MATERIA--TÉRMINO DE MATERIA
Término de materia o nombre geográfico como elemento de entrada Cave paintings
Subdivisión geográfica Spain
-- Asturias.
9 (RLIN) 18513
650 #0 - PUNTO DE ACCESO ADICIONAL DE MATERIA--TÉRMINO DE MATERIA
Término de materia o nombre geográfico como elemento de entrada Aurignacian culture
Subdivisión geográfica Spain
-- Asturias.
9 (RLIN) 18514
650 #0 - PUNTO DE ACCESO ADICIONAL DE MATERIA--TÉRMINO DE MATERIA
Término de materia o nombre geográfico como elemento de entrada Solutrean culture
Subdivisión geográfica Spain
-- Asturias.
9 (RLIN) 18515
650 #0 - PUNTO DE ACCESO ADICIONAL DE MATERIA--TÉRMINO DE MATERIA
Término de materia o nombre geográfico como elemento de entrada Magdalenian culture
Subdivisión geográfica Spain
-- Asturias.
9 (RLIN) 18516
910 ## - DATOS DE OPCIÓN DEL USUARIO (OCLC)
Datos de opción del usuario Catalogación por copia / LC
Existencias
Estado de retiro Estado de pérdida Restricciones de uso No para préstamo Código de colección Localización permanente Ubicación/localización actual Ubicación en estantería Fecha de adquisición Número de inventario Total de préstamos Signatura topográfica completa Código de barras Fecha visto por última vez Precio válido a partir de Tipo de ítem Koha
    Préstamo interno   Monografías: Libros y Folletos General General En catalogación 01.09.2009 LF1   nn* B488p 6658-10 25.06.2020 25.06.2020 Préstamo interno

Con tecnología Koha